|
|
|
|
| LEADER |
00000nam a2200000 a 4500 |
| 001 |
UCK5127 |
| 003 |
CL-VaPUC |
| 008 |
050708e20040000SP |||||||||||||||||spa|d |
| 020 |
|
|
|a 8495939517
|
| 082 |
0 |
4 |
|a 701.18
|b ADA
|2 21
|
| 100 |
0 |
|
|a Adams, Laurie Schneider
|e author
|9 493844
|
| 245 |
1 |
0 |
|a Explorar el arte
|
| 250 |
|
|
|a 1a. ed
|
| 300 |
|
|
|a 176 p
|
| 942 |
|
|
|c BK
|
| 945 |
|
|
|d 20050708 00:00:00
|a jcarroza
|
| 260 |
|
|
|a Barcelona
|b Blume
|c 2004
|
| 650 |
|
0 |
|a Filosofía del arte
|9 264951
|
| 650 |
|
0 |
|a Artes visuales
|9 336870
|
| 650 |
|
0 |
|a Historia del arte
|9 314877
|
| 650 |
|
0 |
|a Apreciación estética
|9 345969
|
| 583 |
|
|
|a last modification
|c 20050708 00:00:00
|k Rodrigo Vera
|
| 999 |
|
|
|c 313802
|d 313800
|
| 952 |
|
|
|0 0
|1 0
|4 0
|6 701_180000000000000_ADA_2004
|7 0
|8 A
|9 385320
|a BIBHIS
|b BIBHIS
|d 2019-11-22
|i 414497K
|o 701.18 ADA 2004
|p 414497K
|r 2025-01-20
|w 2019-11-22
|y BK
|k HIS
|
| 952 |
|
|
|0 0
|1 0
|4 0
|6 701_180000000000000_ADA_2004
|7 0
|8 A
|9 385321
|a BIBHIS
|b BIBHIS
|d 2019-11-22
|i 4207521
|o 701.18 ADA 2004
|p 4207521
|r 2025-01-20
|w 2019-11-22
|y BK
|k HIS
|